000 00393nam a22001217a 4500
999 _c1689
_d1689
005 20200903102202.0
008 200903b ||||| |||| 00| 0 eng d
020 _a0237285576
040 _cCML
245 _aA Course in Domestic Subjects and Needlework.
_cRichmond, E.M.
260 _aGreat Britain
_bHazell Watson and Viney Ltd
_c1957
942 _2ddc
_cBK
_e1st Edition
_h646
_mRIC